00768cam a22002171 4500001001300000003000400013005001700017008004100034010001700075035001900092040004400111042001200155050001900167082001100186100003900197245011600236260004500352300006100397500004700458500004500505af 47006239 DLC20260227110836.0790418s1944 gw acg 000 1 ger c aaf 47006239  a(OCoLC)4869464 aPennsylvania Univ. Libr.cKyUdKyUdDLC apremarc00aPT2623.U43bH6 a833.911 aLübke, Friedrich Wilhelm,d1887-10aHoch am wind im Pazifik;bvon stürmen, piraten, und sklavenjägern, von harten fäusten un tapferen herzen. a[Rendsburg,bH. Möller söhne,c1944] a 251, [1] p., 1 l., [7] p.billus. (incl. port.)c21 cm. aAt head of title: Kapitän F. W. Lübke. a"Shanties" (with music) : [7] p. at end.